Lia's home

Bibliographic Details
Main Author: Sasikala Nallaya
Corporate Author: Title
Format: Book
Published: Kuala Lumpur : Penerbit Era Didik , 2006
Series:Ghosts in the city
Subjects:

MARC

LEADER 00000cam a2200000 7i4500
001 0000003036
005 20151222.0
008 070717
020 |a 9832671531(set) 
020 |a 983267154X 
090 0 0 |a JF   |b AD ENG 
100 0 |a Sasikala Nallaya 
245 1 0 |a Lia's home   |c Sasikala Nallaya 
260 |a Kuala Lumpur :   |b Penerbit Era Didik ,   |c 2006 
440 0 |a Ghosts in the city 
500 |a Children ages 7-9 years old (orange) 
650 0 |a Readers   |x Fiction 
650 0 |a Readers   |x Ghost stories 
710 0 |a Title 
999 |a 0000962947   |b Book   |c Children Collection   |e Cawangan Urban Transformation Centre 
999 |a 0000962948   |b Book   |c Children Collection   |e Perbadanan Perpustakaan Awam Johor 
999 |a 0001058750   |b Book   |c Children Collection   |e Perbadanan Perpustakaan Awam Johor 
999 |a 0001086295   |b Book   |c Children Collection   |e Cawangan Mersing